Ľudové čítanie
| New Title: | Príroda a spoločnosť |
|---|---|
| Previous Title: | Matičné čítanie |
| Other Authors: | |
| Format: | Journal |
| Language: | Slovak |
| PhysicalDescription: | 4 zv. 30 cm |
| Published: |
Martin
Osveta
1955-1958
|
| ISSN: | 0456-8281 0323-1717 0322-7707 |
| Subjects: |
MARC
| LEADER | 00000cas a2200000 a 4500 | ||
|---|---|---|---|
| 001 | vtls010301542 | ||
| 003 | SK-MaSNL | ||
| 005 | 20260228161558.0 | ||
| 008 | 110810d19551958xo er|p 0 b0slo d | ||
| 022 | |a 0456-8281 | ||
| 040 | |a SNK |b slo |c SNK |e AACR2 | ||
| 041 | 0 | |a slo | |
| 044 | |a xo |c SK | ||
| 072 | 7 | |a 316.3 |x Globálne spoločnosti. Sociálna štruktúra. Sociálne skupiny |2 konspekt | |
| 072 | 7 | |a 00 |x Veda. Všeobecnosti. Základy vedy a kultúry. Vedecká práca |2 konspekt | |
| 072 | 7 | |a 316.7 |x Sociológia kultúry. Kultúrny život |2 konspekt | |
| 072 | 7 | |a 32 |x Politika |2 konspekt | |
| 072 | 7 | |a 82 |x Literatúra. Literárny život |2 konspekt | |
| 080 | |a 316.3 |2 2001 | ||
| 080 | |a 0/9 |2 2001 | ||
| 080 | |a 316.7 |2 2001 | ||
| 080 | |a 32 |2 2001 | ||
| 080 | |a 82 |2 2001 | ||
| 210 | 0 | |a Ľud. čít. | |
| 222 | 0 | |a Ľudové čítanie | |
| 245 | 0 | 0 | |a Ľudové čítanie |
| 260 | |a Martin |b Osveta |c 1955-1958 | ||
| 300 | |a 4 zv. |c 30 cm | ||
| 310 | |a 2x týždenne | ||
| 362 | 0 | |a Roč. I, č. 1 (1955)-roč. IV, č. 24 (1958) | |
| 500 | |a Hlav. red.: 1955-1958, Jozef Štefko | ||
| 500 | |a Tlač.: 1955-8/1958, Stredoslov. tlačiarne; od 9/1958, Tlačiarne SNP v Martine | ||
| 500 | |a Podnázov v tir.: ľudovýchovný dvojtýždenník | ||
| 525 | |a Príl. r. 1957: V tajomnej krajine zlata (román na pokračovanie) | ||
| 580 | |a Nadviazal na: Matičné čítanie | ||
| 580 | |a V r. 1959 včlenený do: Príroda a spoločnosť | ||
| 650 | 0 | 7 | |a spoločnosť |2 SNKPH |9 1013 |
| 650 | 0 | 7 | |a všeobecnosti a zaujímavosti |2 SNKPH |9 4162 |
| 650 | 0 | 7 | |a kultúra |2 SNKPH |9 886 |
| 650 | 0 | 7 | |a politika |2 SNKPH |9 968 |
| 650 | 0 | 7 | |a literatúra |2 SNKPH |9 1427 |
| 655 | 7 | |a spoločenské časopisy |2 SNKPH |9 70515 | |
| 700 | 1 | |a Štefko, Jozef |4 pbd |9 266567 | |
| 780 | 0 | 2 | |t Matičné čítanie |x 0323-1717 |w vtls010301564 |
| 785 | 0 | 4 | |t Príroda a spoločnosť |x 0322-7707 |w vtls010299849 |
| 910 | |a snk | ||
| 910 | |a snmk | ||
| 916 | |a 1955-1958 | ||
| 958 | |a OND | ||
| 999 | |c 5757 |d 7687 | ||
| 952 | |0 0 |1 0 |3 rekatalogizácia |4 0 |7 0 |a SNK |b SNK |d 2005-11-03 |i snkČSP 244/57 |l 0 |o snkČSB 1052/1/1955 D1 |p 17A0486879 |r 2026-02-21 19:30:19 |t č. 1-24 |w 2026-02-21 |y PREZ | ||
| 952 | |0 0 |1 0 |4 0 |7 0 |a SNK |b SNK |d 2005-11-03 |i snkČSP 284/58 |l 0 |o snkČSB 1052/3/1957 D1 |p 17A0486467 |r 2026-02-21 19:30:19 |t č. 1-24 |w 2026-02-21 |y PREZ | ||
| 952 | |0 0 |1 0 |4 0 |7 0 |a SNK |b SNK |d 2005-11-03 |i snkČSP 428/59 |l 0 |o snkČSB 1052/4/1958 D1 |p 17A0486525 |r 2026-02-21 19:30:19 |t č. 1-24 |w 2026-02-21 |y PREZ | ||
| 952 | |0 0 |1 0 |3 rekatalogizácia |4 0 |7 0 |a SNK |b SNK |d 2005-11-03 |i snkČSP 1147/58 |l 0 |o snkČSB 1052/2/1956 D1 |p 17A0486526 |r 2026-02-21 20:15:49 |t č. 1-24 |w 2026-02-21 |y PREZ | ||
| 952 | |0 0 |1 0 |4 0 |7 0 |a SNK |b SNK |d 2000-11-21 |f 1 |i snkČSP 93/56 |l 0 |o snkČSB 1052/1/1955 |p 17A0259030 |r 2005-01-02 00:00:00 |t č. 1-24 |w 2026-02-21 |y PREZ | ||
| 952 | |0 0 |1 0 |4 0 |7 0 |a SNK |b SNK |d 2001-04-20 |f 1 |i snkČSP 24/57 |l 0 |o snkČSB 1052/2/1956 |p 17A0297740 |r 2005-01-02 00:00:00 |t č. 1-24 |w 2026-02-21 |y PREZ | ||
| 952 | |0 0 |1 0 |4 0 |7 0 |a SNK |b SNK |d 1999-04-16 |f 1 |i snkČSP 283/58 |l 0 |o snkČSB 1052/3/1957 |p 17A0190002 |r 2005-01-02 00:00:00 |t č. 1-24 |w 2026-02-21 |y PREZ | ||
| 952 | |0 0 |1 0 |4 0 |7 0 |a SNK |b SNK |d 1997-01-27 |f 1 |i snkČSP 427/59 |l 0 |o snkČSB 1052/4/1958 |p 17A0034133 |r 2005-01-01 00:00:00 |t č. 1-24 |w 2026-02-21 |y PREZ | ||


